LIBRARY & INFORMATION CENTRE, KCAET, TAVANUR

ONLINE PUBLIC ACCESS CATALOGUE (OPAC)

Normal view MARC view
  • Baljeet, Singh

Entry Personal Name

Number of records used in: 1

001 - CONTROL NUMBER

  • control field: 4150

003 - CONTROL NUMBER IDENTIFIER

  • control field: OSt

005 - DATE AND TIME OF LATEST TRANSACTION

  • control field: 20190523123542.0

008 - FIXED-LENGTH DATA ELEMENTS

  • fixed length control field: 190523|| aca||aabn | a|a d

040 ## - CATALOGING SOURCE

  • Original cataloging agency: OSt
  • Transcribing agency: OSt

100 ## - HEADING--PERSONAL NAME

  • Personal name: Baljeet, Singh

670 ## - SOURCE DATA FOUND

  • Source citation: Work cat.: (OSt): Panigrahy, Shakti Ranjan. 4149, Agro - Entrepreneurship, 2017
free website counter